Geography Quiz

Random Geography or City Quiz

Separated Cities (St. Vincent & the Grenadines) Quiz Stats

 Plays Quiz not verified by Sporcle

Challenge
Share
Tweet
Score 0/8 Timer 02:00
0 Plays Today
% Correct
Kings
97.1%
George
97.1%
Port
96.2%
Chateau
62.5%
Byera
48.4%
Bia
45.2%
La
42.3%
Barrou
36.2%

You're not logged in!

Compare scores with friends on all Sporcle quizzes.
OR
Log In

You Might Also Like...

Show Comments

Extras

Top Quizzes Today


Score Distribution

Your Account Isn't Verified!

In order to create a playlist on Sporcle, you need to verify the email address you used during registration. Go to your Sporcle Settings to finish the process.

Report this User

Report this user for behavior that violates our Community Guidelines.

Details: